[Event "Titled Tuesday intern op 04th Apr Late"]
[Site "Chess.com INT"]
[Date "2023.04.04"]
[Round "1"]
[White "Qiao, Cindy"]
[Black "Diaz Perez, Michel Alejandro"]
[Result "1-0"]
[WhiteElo "1785"]
[BlackElo "2414"]
[PlyCount "105"]
[EventDate "2023.04.04"]
[EventType "swiss (blitz)"]
[EventRounds "11"]
[EventCountry "USA"]
[SourceTitle "EXT 2024"]
[Source "ChessBase"]
[SourceDate "2023.10.10"]
[SourceVersion "1"]
[SourceVersionDate "2023.10.10"]
[SourceQuality "1"]

1. d4 Nf6 2. Bf4 d6 3. Nc3 Nbd7 4. Nf3 c5 5. e3 g6 6. Be2 Bg7 7. 0-0 0-0 8. h3 a6 9. a4 b6 10. Re1 Bb7 11. Qd2 Rc8 12. d5 c4 13. e4 b5 14. axb5 axb5 15. Bf1 Nc5 16. e5 dxe5 17. Bxe5 b4 18. Na2 Qxd5 19. Nxb4 Qxd2 20. Nxd2 Ncd7 21. Nxc4 Nxe5 22. Nxe5 Rfd8 23. Bd3 Nh5 24. Ra7 Ba8 25. Rxe7 Bf8 26. Nxf7 Bxe7 27. Nxd8 Bxd8 28. Be4 Bxe4 29. Rxe4 Kf7 30. c3 Nf6 31. Rd4 Be7 32. Nd5 Nxd5 33. Rxd5 Rb8 34. Rd2 Bg5 35. Re2 Bc1 36. b4 Bf4 37. Re4 Bg5 38. Rc4 h5 39. g3 Bf6 40. Kg2 Rd8 41. Rc5 Rd3 42. c4 Be7 43. Rc7 Rb3 44. b5 Ke6 45. Rc6+ Kf5 46. Rc7 Bf6 47. Rc6 Bd4 48. Rc7 Rb2 49. Rf7+ Ke6 50. Rf3 g5 51. g4 h4 52. Rf5 Bf6 53. Kf1 1-0

[Event "Titled Tuesday intern op 04th Apr Late"]
[Site "Chess.com INT"]
[Date "2023.04.04"]
[Round "8"]
[White "Qiao, Cindy"]
[Black "Dudzinski, Pawel"]
[Result "0-1"]
[WhiteElo "1785"]
[BlackElo "2186"]
[PlyCount "108"]
[EventDate "2023.04.04"]
[EventType "swiss (blitz)"]
[EventRounds "11"]
[EventCountry "USA"]
[SourceTitle "EXT 2024"]
[Source "ChessBase"]
[SourceDate "2023.10.10"]
[SourceVersion "1"]
[SourceVersionDate "2023.10.10"]
[SourceQuality "1"]

1. d4 d5 2. Bf4 c6 3. e3 f5 4. Nf3 e6 5. c4 Nf6 6. Nc3 Be7 7. Bd3 0-0 8. 0-0 Bd7 9. Ne5 Be8 10. Qb3 Qb6 11. c5 Qxb3 12. axb3 Nbd7 13. b4 Nxe5 14. Bxe5 Nd7 15. Bg3 a6 16. b5 cxb5 17. Nxb5 Nxc5 18. dxc5 Bxb5 19. Bxb5 axb5 20. b4 Bf6 21. Rab1 Ra4 22. Rfc1 Rc8 23. h3 Kf7 24. Bd6 Be7 25. Be5 Rc6 26. Bd4 Bf6 27. f4 Rca6 28. Rc2 Ke7 29. Kf2 Kd7 30. Kf3 Ra2 31. Rcb2 Rxb2 32. Rxb2 Bxd4 33. exd4 Ra3+ 34. Ke2 Rg3 35. Ke1 Rd3 36. Kf2 Rxd4 37. Kg3 g6 38. Rb3 Kc6 39. Kf3 Rc4 40. Ke3 d4+ 41. Kd3 Kd5 42. Rb1 Rc3+ 43. Kd2 Rg3 44. Re1 Rxg2+ 45. Kd3 Rg3+ 46. Kd2 Rxh3 47. Re5+ Kc4 48. Rxe6 Rh2+ 49. Ke1 Kc3 50. c6 Rh1+ 51. Ke2 d3+ 52. Ke3 Re1+ 53. Kf2 Rxe6 54. cxb7 Rb6 0-1

[Event "Titled Tuesday intern op 04th Apr Late"]
[Site "Chess.com INT"]
[Date "2023.04.04"]
[Round "3"]
[White "Rastbod, Ali"]
[Black "Qiao, Cindy"]
[Result "1-0"]
[WhiteElo "2318"]
[BlackElo "1785"]
[PlyCount "119"]
[EventDate "2023.04.04"]
[EventType "swiss (blitz)"]
[EventRounds "11"]
[EventCountry "USA"]
[SourceTitle "EXT 2024"]
[Source "ChessBase"]
[SourceDate "2023.10.10"]
[SourceVersion "1"]
[SourceVersionDate "2023.10.10"]
[SourceQuality "1"]

1. e4 c5 2. Nc3 Nc6 3. g3 g6 4. Bg2 Bg7 5. d3 e6 6. Be3 d6 7. Qd2 Nge7 8. Bh6 0-0 9. h4 Re8 10. Bxg7 Kxg7 11. h5 Ng8 12. 0-0-0 Bd7 13. Nf3 Rb8 14. d4 cxd4 15. Nxd4 Qf6 16. Ndb5 Red8 17. Nxd6 Be8 18. f4 e5 19. Nxe8+ Rxe8 20. Nd5 Qe6 21. hxg6 hxg6 22. f5 gxf5 23. exf5 Qxf5 24. Rdf1 Qg6 25. Qe3 Nd4 26. Be4 f5 27. Bd3 Nf6 28. Nxf6 Qxf6 29. c3 e4 30. cxd4 exd3 31. Qxd3 Rbc8+ 32. Kb1 Re4 33. Rd1 Rd8 34. d5 Qe5 35. Rd2 Re1+ 36. Rxe1 Qxe1+ 37. Kc2 Qe4 38. Qxe4 fxe4 39. Kc3 Kf6 40. Kd4 Kf5 41. Rf2+ Kg4 42. Kxe4 Kxg3 43. Rf7 Re8+ 44. Kd4 b6 45. d6 Re1 46. d7 Rd1+ 47. Ke5 Kg4 48. Ke6 Re1+ 49. Kd6 Rd1+ 50. Kc7 Rc1+ 51. Kb7 Rd1 52. Kxa7 Rd2 53. Kxb6 Rxb2+ 54. Kc7 Rc2+ 55. Kb8 Rb2+ 56. Kc8 Rc2+ 57. Kd8 Rxa2 58. Ke8 Ra8+ 59. d8Q Rxd8+ 60. Kxd8 1-0

[Event "Titled Tuesday intern op 17th Jan Late"]
[Site "Chess.com INT"]
[Date "2023.01.17"]
[Round "7"]
[White "Qiao, Cindy"]
[Black "Chlpik, Martin"]
[Result "0-1"]
[WhiteElo "1793"]
[BlackElo "2287"]
[PlyCount "68"]
[EventDate "2023.01.17"]
[EventType "swiss (blitz)"]
[EventRounds "11"]
[EventCountry "USA"]
[SourceTitle "CBM 212 Extra"]
[Source "ChessBase"]
[SourceDate "2023.03.31"]
[SourceVersion "1"]
[SourceVersionDate "2023.03.31"]
[SourceQuality "1"]

1. d4 Nf6 2. Bf4 c5 3. e3 d5 4. c3 Nc6 5. Nf3 Qb6 6. Qc2 Bf5 7. dxc5 Bxc2 8. cxb6 axb6 9. Na3 Rxa3 10. bxa3 e6 11. Kd2 Bg6 12. Bd3 Bxa3 13. Bxg6 hxg6 14. Ke2 Ne4 15. Rhe1 Bb2 16. Rab1 Nxc3+ 17. Kf1 Nxb1 18. Rxb1 Bf6 19. Rxb6 Nd8 20. Bc7 0-0 21. Bxd8 Rxd8 22. Rxb7 Ra8 23. Ne1 Rxa2 24. Nd3 e5 25. Rd7 d4 26. exd4 exd4 27. Nb4 Rb2 28. Nc6 Rc2 29. Nd8 Rc8 30. Nxf7 d3 31. Ke1 Bc3+ 32. Kf1 d2 33. Ng5 Re8 34. Nf3 Re1+ 0-1

[Event "Titled Tuesday intern op 17th Jan Late"]
[Site "Chess.com INT"]
[Date "2023.01.17"]
[Round "2"]
[White "Qiao, Cindy"]
[Black "Jones, Gawain C B"]
[Result "0-1"]
[WhiteElo "1793"]
[BlackElo "2623"]
[PlyCount "100"]
[EventDate "2023.01.17"]
[EventType "swiss (blitz)"]
[EventRounds "11"]
[EventCountry "USA"]
[SourceTitle "CBM 212 Extra"]
[Source "ChessBase"]
[SourceDate "2023.03.31"]
[SourceVersion "1"]
[SourceVersionDate "2023.03.31"]
[SourceQuality "1"]

1. d4 e6 2. Bf4 b6 3. e4 d5 4. exd5 exd5 5. Nf3 Nf6 6. Bd3 Bd6 7. Bg3 0-0 8. 0-0 Ba6 9. Bxa6 Nxa6 10. c3 c6 11. Ne5 Qc7 12. Qa4 Nb8 13. Nd2 Nh5 14. Nef3 Nxg3 15. hxg3 Nd7 16. Rfe1 a5 17. Rac1 b5 18. Qd1 a4 19. a3 Rae8 20. Qc2 h6 21. Qd3 Nb6 22. Re2 Nc4 23. Nxc4 bxc4 24. Qc2 Rxe2 25. Qxe2 Rb8 26. Rc2 Qd8 27. Ne5 Qe8 28. Nf3 f6 29. Qd1 Qd7 30. Re2 Ra8 31. Nh4 g5 32. Nf3 Qf5 33. Qe1 Kf7 34. Qd1 h5 35. Re3 Bf8 36. Nd2 g4 37. Nf1 Bh6 38. Re2 Bf8 39. Ne3 Qg6 40. Nc2 Qd3 41. Rd2 Qf5 42. Nb4 Bxb4 43. cxb4 Re8 44. Kh2 Re4 45. Qxa4 h4 46. gxh4 Qf4+ 47. g3 Qxd2 48. Qa7+ Kg6 49. h5+ Kh6 50. Kg2 Re2 0-1

[Event "Titled Tuesday intern op 17th Jan Late"]
[Site "Chess.com INT"]
[Date "2023.01.17"]
[Round "4"]
[White "Qiao, Cindy"]
[Black "Melikyan, Gnel"]
[Result "0-1"]
[WhiteElo "1793"]
[BlackElo "2238"]
[PlyCount "72"]
[EventDate "2023.01.17"]
[EventType "swiss (blitz)"]
[EventRounds "11"]
[EventCountry "USA"]
[SourceTitle "CBM 212 Extra"]
[Source "ChessBase"]
[SourceDate "2023.03.31"]
[SourceVersion "1"]
[SourceVersionDate "2023.03.31"]
[SourceQuality "1"]

1. d4 Na6 2. Bf4 Nf6 3. e3 e6 4. Nf3 d5 5. Bd3 c5 6. c3 Qb6 7. Qc2 Bd6 8. Bg3 0-0 9. 0-0 Bd7 10. Nbd2 Rac8 11. Bh4 c4 12. Be2 Be7 13. Rab1 h6 14. e4 Qd8 15. Bg3 b5 16. Ne5 b4 17. Rfe1 Nc7 18. exd5 exd5 19. Nxd7 Qxd7 20. Nf3 Ne6 21. Ne5 Qb7 22. Qd1 Ne4 23. f3 Nxg3 24. hxg3 Bd6 25. f4 Rfe8 26. Bg4 Rb8 27. Qc2 Nf8 28. Bh5 g6 29. Nxg6 fxg6 30. Bxg6 Rxe1+ 31. Rxe1 bxc3 32. bxc3 Qg7 33. Bh5 Qxg3 34. Rf1 Bxf4 35. Bf3 Be3+ 36. Rf2 Rb1+ 0-1